| 000 | 00820nam a22002297a 4500 | ||
|---|---|---|---|
| 005 | 20240524072813.0 | ||
| 008 | 240129t ||||| |||| 00| 0 spa d | ||
| 020 | _a3822895466 | ||
| 040 |
_aCO-BoUCM _cDavid Moreno _dDavid Moreno |
||
| 041 | _aspa | ||
| 100 | 1 |
_aKoetzle, Michael _d1953- _9179811 |
|
| 245 | 1 | 0 |
_aFrivolidades parisinas _cMichael Koetzle, Uwe Scheid. |
| 260 |
_aKoln _bBenedikt Taschen _c1994 |
||
| 300 |
_a95 Paginas _bilustraciones |
||
| 490 | _aTaschen ; v11 | ||
| 650 | 1 | 7 |
_aFotografía de mujeres _zParís (Francia) _9179812 |
| 650 | 1 | 7 |
_aFotografía erótica _zParís (Francia) _9179813 |
| 650 | 1 | 7 |
_aFotografía artística de desnudos _zParís _9179814 |
| 700 | 1 |
_aScheid, Uwe _9179815 |
|
| 942 |
_2DEWEY _a17 _cLIBRO _e1 _h778.9424 _mK78f _n0 |
||
| 999 |
_c323812 _d323812 |
||